Normal view MARC view

Entry Nombre personal

Number of records used in: 6

001 - NÚMERO DE CONTROL

  • campo de control: 133827

003 - IDENTIFICADOR DE NÚMERO DE CONTROL

  • campo de control: OSt

005 - FECHA Y HORA DE LA ÚLTIMA TRANSACCIÓN

  • campo de control: 20250927120319.0

008 - ELEMENTOS DE DATO DE LONGITUD-FIJA

  • campo de control de longitud fija: 080222 b azznnaaan n bnc d

040 ## - FUENTE DE CATALOGACIÓN

  • Centro catalogador/agencia de origen: OSt
  • Centro/agencia transcriptor: OSt

100 1# - ENCABEZAMIENTO-NOMBRE DE PERSONA

  • Nombre de persona: Volney, Constantine François de Chasseboeuf,
  • Títulos y otros términos asociados al nombre: comte de,
  • Fechas asociadas al nombre: 1757-1820

400 1# - TRAZADO DE VÉASE--NOMBRE DE PERSONA

  • Nombre de persona: Volney, Constantin François
  • Títulos y otros términos asociados al nombre: Comte de

400 1# - TRAZADO DE VÉASE--NOMBRE DE PERSONA

  • Nombre de persona: Volney, Constantine François de Chasseboeuf
  • Títulos y otros términos asociados al nombre: comte de

400 1# - TRAZADO DE VÉASE--NOMBRE DE PERSONA

  • Nombre de persona: Volney, Constantin-François de Chasseboeuf
  • Títulos y otros términos asociados al nombre: Comte de